000 00531nam a2200169 a 4500
001 000040146
005 20201002033939.0
008 130809s1966 sp 000 0 spa d
040 _aDO-SdBNP
_bspa
_cBNPHU
100 1 _aPedrolo, Manuel de
_966418
245 1 0 _aHombres y no /
_cManuel de Pedrolo ; prólogo José Monleón.
260 _aBarcelona :
_bAymá Editora,
_c1966.
300 _a132 p. ;
_c20 cm.
490 1 _aVoz imagen
_ateatro
_v10
700 1 _aMonleón, José
_epról.
_966419
830 0 _aVoz imagen
_ateatro
_v10
_966420
999 _c39636
_d39636